Normal view
MARC view
Entry Personal Name
001 - CONTROL NUMBER
- control field: 5554
003 - CONTROL NUMBER IDENTIFIER
- control field: ARRUPE
005 - DATE AND TIME OF LATEST TRANSACTION
- control field: 20131211165125.0
008 - FIXED-LENGTH DATA ELEMENTS
- fixed length control field: 131211|| aca||aabn | a|a d
040 ## - CATALOGING SOURCE
- Original cataloging agency: ARRUPE
- Transcribing agency: ARRUPE
100 ## - HEADING--PERSONAL NAME
- Personal name: Schmidt, Lawrence K.
- Fuller form of name: (Lawrence Kennedy),
- Dates associated with a name: 1949-
670 ## - SOURCE DATA FOUND
- Source citation: Work cat.: (ARRUPE)0: Schmidt, Lawrence K. (Lawrence Kennedy), 1949-, Understanding hermeneutics /, 2006.